Farc: ¿derrota militar y victoria política? (Record no. 72019)
[ view plain ]
| 000 -LEADER | |
|---|---|
| campo de control de longitud fija | 00629nmm a2200205Ia 4500 |
| 008 - DATOS DE LONGITUD FIJA--INFORMACIÓN GENERAL | |
| campo de control de longitud fija | 251105s9999||||xx |||||||||||||||||und|| |
| 020 ## - NÚMERO INTERNACIONAL ESTÁNDAR DEL LIBRO | |
| Número Internacional Estándar del Libro | 9789580613824 |
| 041 ## - CÓDIGO DE IDIOMA | |
| Código de lengua del texto/banda sonora o título independiente | spa |
| 100 ## - ENTRADA PRINCIPAL--NOMBRE DE PERSONA | |
| Nombre de persona | Torrijos, Vicente |
| 245 #0 - MENCIÓN DEL TÍTULO | |
| Título | Farc: ¿derrota militar y victoria política? |
| 264 ## - PRODUCCIÓN, PUBLICACIÓN, DISTRIBUCIÓN, FABRICACIÓN Y COPYRIGHT | |
| Producción, publicación, distribución, fabricación y copyright | [Bogotá, Colombia] : |
| Nombre del de productor, editor, distribuidor, fabricante | Oveja Negra, |
| Fecha de producción, publicación, distribución, fabricación o copyright | 2017 |
| 300 ## - DESCRIPCIÓN FÍSICA | |
| Extensión | 177 páginas |
| 650 ## - PUNTO DE ACCESO ADICIONAL DE MATERIA--TÉRMINO DE MATERIA | |
| Término de materia o nombre geográfico como elemento de entrada | Political Science (General) |
| 700 ## - ENTRADA AGREGADA--NOMBRE PERSONAL | |
| Nombre de persona | Torrijos, Vicente |
| 700 1# - ENTRADA AGREGADA--NOMBRE PERSONAL | |
| Nombre de persona | Ospina Ovalle, Carlos Alberto |
| 700 1# - ENTRADA AGREGADA--NOMBRE PERSONAL | |
| Nombre de persona | González Ortiz, David Mauricio |
| 700 1# - ENTRADA AGREGADA--NOMBRE PERSONAL | |
| Nombre de persona | Marks, Thomas |
| 856 ## - LOCALIZACIÓN Y ACCESO ELECTRÓNICOS | |
| Identificador Uniforme de Recursos | <a href="https://public.digitaliapublishing.com/a/55059">https://public.digitaliapublishing.com/a/55059</a> |
| 942 ## - ELEMENTOS DE ENTRADA SECUNDARIOS (KOHA) | |
| Tipo de ítem Koha | Libro Digital |
No items available.